Expressions de la langue française utilisant le mot pouce - Statistiques

Statistiques générales
  • Ce quiz a été pris 185 fois
  • Le résultat moyen est 5 sur 10
Statistiques - réponses
Expression Mot manquant % Correct
aider : donner un ....de pouce coup
98%
ne rien faire : se ... les pouces tourner
96%
repas rapide : .... sur le pouce manger
82%
regretter amèrement : s'en .... les pouces mordre
77%
bon jardinier, il a les pouces .... verts
71%
personnage folklorique : ..... - Pouce Tom
49%
résister : ne pas céder un pouce de .... terrain
40%
campagne en 1975 : "pouce, je ...." passe
15%
céder : .... les pouces mettre
4%
se fatiguer : se .... les pouces fouler
1%
Aucun quiz correspondant
Distribution des résultats
% des personnes avec chaque résultat
Percentile par nombre de réponses
Votre historique - résultats
Vous n’avez pas pris ce quiz